000 00497nam a2200181Ia 4500
008 240925s9999 xx 000 0 und d
020 _a9788126557677
082 _a005.754076 POU
100 _aPoulton, Nigel
245 0 _aData Storage Networking
250 _aNA
260 _aNew Delhi:
_bJohn Wiley and Sons
_c,2015.
300 _a486p.
_bN.A
_fOriginal
500 _aIncludes Index
600 _aComputer Science
650 _aComputer science, information & general works
942 _cBK
999 _c13420
_d13420